000
00320nam a2200133Ia 4500
005
20251218185131.0
008
251218s1900||||xx |||||||||||||| ||spa||
020
_a
9786034513037
082
_a
179.1/B25
100
_a
Barrantes, Roxana
245
0
_a
Ética Ambiental y Política Pública
264
_b
Nanuk
942
_c
LIB
999
_c
119
_d
119